[Event "SG Porz 2 - PSV Duisburg 1"]
[Site "Oberliga NRW 2014/2015"]
[Date "2015.01.11"]
[Round "5.5"]
[White "Maslak, Sulejman"]
[Black "Gallinnis, Norbert"]
[Result "1-0"]
[WhiteElo "2273"]
[BlackElo "2222"]
[PlyCount "63"]
[EventDate "2015.??.??"]
[WhiteTeam "PSV Duisburg 1"]
[BlackTeam "SG Porz 2"]

1. c4 Nf6 2. Nc3 c5 3. g3 e6 4. e4 d6 5. Bg2 Be7 6. Nge2 O-O 7. O-O a6 8. d4
cxd4 9. Nxd4 Qc7 10. b3 Nbd7 11. Be3 Ne5 12. Rc1 Bd7 13. h3 Rac8 14. f4 Ng6 15.
f5 Ne5 16. fxe6 fxe6 17. Nce2 Nc6 18. Qd2 Qb8 19. g4 b5 20. g5 Ne8 21. Rxf8+
Bxf8 22. cxb5 axb5 23. Nxc6 Bxc6 24. Nd4 Bd7 25. Rf1 Nc7 26. Qf2 Kh8 27. Qf7
Rd8 28. g6 e5 29. gxh7 Kxh7 30. Nf3 Ne6 31. Ng5+ Nxg5 32. Bxg5 1-0

[Event "SG Porz 2 - PSV Duisburg 1"]
[Site "Oberliga NRW 2014/2015"]
[Date "2015.01.11"]
[Round "5.6"]
[White "Pauly, Carlo"]
[Black "Heisel, Guido"]
[Result "1-0"]
[WhiteElo "2242"]
[BlackElo "2091"]
[PlyCount "65"]
[EventDate "2015.??.??"]
[WhiteTeam "SG Porz 2"]
[BlackTeam "PSV Duisburg 1"]

1. d4 d5 2. c4 e6 3. Nc3 c5 4. cxd5 exd5 5. Nf3 Nc6 6. g3 Nf6 7. Bg2 c4 8. O-O
Be7 9. Ne5 O-O 10. Re1 Be6 11. Nxc4 dxc4 12. d5 Nxd5 13. Nxd5 Nb4 14. Nxe7+
Qxe7 15. a3 Rfd8 16. Qa4 Na6 17. Bf4 Rd7 18. Rad1 Rad8 19. h4 h6 20. Rxd7 Qxd7
21. Qa5 Rc8 22. Rc1 Bg4 23. Qd5 Qa4 24. Qd4 Bxe2 25. Bxb7 Re8 26. Qxa7 c3 27.
Rxc3 Qd1+ 28. Kh2 g5 29. hxg5 hxg5 30. Bxg5 Nb8 31. Re3 Rxe3 32. Qxb8+ Kg7 33.
Bxe3 1-0

[Event "SG Porz 2 - PSV Duisburg 1"]
[Site "Oberliga NRW 2014/2015"]
[Date "2015.01.11"]
[Round "5.7"]
[White "Spitzer, Erwin"]
[Black "Wagenknecht, Uwe"]
[Result "0-1"]
[WhiteElo "2029"]
[BlackElo "2148"]
[PlyCount "86"]
[EventDate "2015.??.??"]
[WhiteTeam "PSV Duisburg 1"]
[BlackTeam "SG Porz 2"]

1. e4 c5 2. Nf3 g6 3. g3 Bg7 4. Bg2 Nc6 5. O-O e5 6. c3 Nge7 7. d3 d5 8. Be3 d4
9. cxd4 cxd4 10. Bg5 f6 11. Bd2 Be6 12. h4 Qb6 13. b3 O-O 14. Kh2 Nb4 15. Ne1
a5 16. Na3 Qa6 17. Nc4 b5 18. Nb2 Qc8 19. a4 Qd7 20. axb5 Qxb5 21. h5 Rfb8 22.
Nc4 Nbc6 23. Ra3 Nc8 24. hxg6 hxg6 25. Bh3 Bf7 26. Bd7 Qc5 27. Ra1 N8e7 28. Ng2
Ra7 29. Qg4 Rxb3 30. Bxc6 Nxc6 31. Qc8+ Bf8 32. Nxa5 Nxa5 33. Rfc1 Qxc8 34.
Rxc8 Nc6 35. Rxa7 Nxa7 36. Ra8 Nc6 37. Rc8 Ne7 38. Ra8 Kg7 39. f4 Nc6 40. Rc8
Rxd3 41. fxe5 Nxe5 42. Bh6+ Kxh6 43. Rxf8 Nf3+ 0-1

[Event "SG Porz 2 - PSV Duisburg 1"]
[Site "Oberliga NRW 2014/2015"]
[Date "2015.01.11"]
[Round "5.8"]
[White "Liard, Thibaud"]
[Black "Kirsch, Michael"]
[Result "1-0"]
[WhiteElo "2131"]
[BlackElo "1973"]
[PlyCount "87"]
[EventDate "2015.??.??"]
[WhiteTeam "SG Porz 2"]
[BlackTeam "PSV Duisburg 1"]

1. d4 e6 2. c4 f5 3. g3 Nf6 4. Bg2 Be7 5. Nc3 O-O 6. Nf3 d6 7. O-O Ne4 8. Bd2
Bf6 9. Rb1 Nc6 10. b4 Nxd4 11. Nxd4 Bxd4 12. Nxe4 fxe4 13. Bxe4 d5 14. Bg2 dxc4
15. Qc2 c6 16. e3 Bf6 17. Be4 g6 18. b5 cxb5 19. Rxb5 Rb8 20. h4 Bd7 21. Rxb7
Rxb7 22. Bxb7 c3 23. Bc1 Qa5 24. Bg2 Bb5 25. Re1 Bc4 26. a3 Rb8 27. Bh3 Qa6 28.
Qe4 Bd3 29. Bxe6+ Kg7 30. Qf4 Re8 31. Bd5 Qa5 32. e4 Qxd5 33. exd5 Rxe1+ 34.
Kg2 Be4+ 35. f3 Bxd5 36. Qh6+ Kg8 37. h5 Re2+ 38. Kh3 Re1 39. Kg2 Re2+ 40. Kh3
Re1 41. g4 Bd4 42. Qg5 Re5 43. Qd8+ Kf7 44. Qd7+ 1-0

[Event "Klub Kölner SF 1 - SF Lieme 1"]
[Site "Oberliga NRW 2014/2015"]
[Date "2015.01.11"]
[Round "5.1"]
[White "Wittke, Rene"]
[Black "Morawietz, Dieter"]
[Result "0-1"]
[WhiteElo "2169"]
[BlackElo "2388"]
[PlyCount "140"]
[EventDate "2015.??.??"]
[WhiteTeam "SF Lieme 1"]
[BlackTeam "Klub Kölner SF 1"]

1. e4 c5 2. d4 cxd4 3. c3 Nf6 4. e5 Nd5 5. Nf3 e6 6. cxd4 d6 7. Nc3 Nxc3 8.
bxc3 Qc7 9. Bd2 Nd7 10. exd6 Bxd6 11. Bd3 b6 12. O-O Bb7 13. Re1 O-O 14. c4
Bxf3 15. Qxf3 Bxh2+ 16. Kh1 Bd6 17. Re4 Rfe8 18. Rae1 Nf8 19. Rh4 g6 20. Bh6
Qd8 21. Rh3 Nd7 22. Be4 Rc8 23. Bc6 Rc7 24. Bd2 Qe7 25. c5 bxc5 26. dxc5 Bxc5
27. Ba5 Bb6 28. Bc3 e5 29. Bd5 Rec8 30. Bb4 Qf6 31. Qg4 h5 32. Qe4 Bxf2 33. Rf3
Qh4+ 34. Qxh4 Bxh4 35. Ref1 Nb6 36. Bxf7+ Kh7 37. Be6 Re8 38. Bf7 Rd8 39. Bb3
Nd5 40. Ba5 Nb6 41. Rf7+ Rxf7 42. Rxf7+ Kh6 43. Rxa7 Rd6 44. Ra6 Bf2 45. g3 Bc5
46. Bxb6 Bxb6 47. a4 Rf6 48. Bc4 Rc6 49. Bd3 Rd6 50. Bc2 Rd2 51. Be4 Re2 52.
Bd3 Re3 53. Bc2 Re1+ 54. Kg2 Re2+ 55. Kf3 Rxc2 56. Rxb6 Rc3+ 57. Kf2 Kg5 58.
Rb4 Kf5 59. Kg2 g5 60. Kf2 Ra3 61. Rc4 e4 62. Rb4 Ra2+ 63. Ke3 Kg4 64. Kxe4
Kxg3 65. Kf5 g4 66. Kg5 Kh2 67. Kxh5 g3 68. Rh4+ Kg1 69. Kg5 g2 70. Rb4 Kf2 0-1

[Event "Klub Kölner SF 1 - SF Lieme 1"]
[Site "Oberliga NRW 2014/2015"]
[Date "2015.01.11"]
[Round "5.2"]
[White "Helbig, Mark"]
[Black "Schmitz, Philipp"]
[Result "1/2-1/2"]
[WhiteElo "2264"]
[BlackElo "2126"]
[PlyCount "92"]
[EventDate "2015.??.??"]
[WhiteTeam "Klub Kölner SF 1"]
[BlackTeam "SF Lieme 1"]

1. d4 Nf6 2. c4 g6 3. Nf3 Bg7 4. g3 c6 5. Bg2 O-O 6. O-O d5 7. Nbd2 Ne4 8. e3
Bg4 9. Qb3 Qb6 10. Nxe4 dxe4 11. Ng5 f5 12. Ne6 Rc8 13. Nxg7 Qxb3 14. axb3 Kxg7
15. Re1 Nd7 16. h3 Bh5 17. g4 fxg4 18. hxg4 Bxg4 19. Bxe4 Rf8 20. f4 Bf5 21.
Bg2 Bc2 22. Bd2 Nf6 23. e4 Bxb3 24. Rac1 a5 25. d5 Nh5 26. Rf1 c5 27. Rf3 a4
28. Bh3 h6 29. Be6 Kh7 30. Kg2 Ng7 31. Bh3 b6 32. Bc3 Ne8 33. Be5 Nd6 34. Bxd6
exd6 35. Bd7 Ra7 36. Be6 g5 37. Bf5+ Kg7 38. fxg5 hxg5 39. Rh1 Rff7 40. Rh7+
Kf8 41. Rh8+ Ke7 42. Be6 Rxf3 43. Kxf3 Kf6 44. Rf8+ Kg7 45. Rg8+ Kf6 46. Rf8+
Kg7 1/2-1/2

[Event "Klub Kölner SF 1 - SF Lieme 1"]
[Site "Oberliga NRW 2014/2015"]
[Date "2015.01.11"]
[Round "5.3"]
[White "Essing, Arnold"]
[Black "Wacker, Peter"]
[Result "0-1"]
[WhiteElo "2162"]
[BlackElo "2297"]
[PlyCount "82"]
[EventDate "2015.??.??"]
[WhiteTeam "SF Lieme 1"]
[BlackTeam "Klub Kölner SF 1"]

1. d4 d5 2. Nf3 Nf6 3. c4 dxc4 4. Nc3 e6 5. e3 a6 6. a4 b6 7. Bxc4 Bb7 8. O-O
Nbd7 9. Qe2 Bb4 10. Rd1 O-O 11. Na2 Bd6 12. Nc3 c5 13. e4 cxd4 14. Nxd4 Qb8 15.
g3 Bc5 16. Nc2 Qc7 17. Kg2 Rfc8 18. Ba2 b5 19. f3 b4 20. Nb1 h6 21. Ne1 Rd8 22.
Be3 a5 23. Nd2 Rac8 24. Rac1 Qb8 25. Qf2 Bxe3 26. Qxe3 Bc6 27. b3 Ne5 28. Bb1
Bb7 29. Nf1 Rxd1 30. Rxd1 Qc7 31. Nd3 Nxf3 32. Kxf3 Bxe4+ 33. Ke2 Nd5 34. Qd4
e5 35. Qb2 Nc3+ 36. Ke1 Nxd1 37. Kxd1 Bf3+ 38. Kd2 e4 39. Ne5 Qd6+ 40. Ke1 Qd1+
41. Kf2 Rc1 0-1

[Event "Klub Kölner SF 1 - SF Lieme 1"]
[Site "Oberliga NRW 2014/2015"]
[Date "2015.01.11"]
[Round "5.4"]
[White "Zuse, Peter"]
[Black "Himpenmacher, Andy"]
[Result "1/2-1/2"]
[WhiteElo "2243"]
[BlackElo "2115"]
[Annotator "Hausrath,Daniel"]
[PlyCount "123"]
[EventDate "2015.??.??"]
[WhiteTeam "Klub Kölner SF 1"]
[BlackTeam "SF Lieme 1"]

1. e4 c5 2. Nf3 g6 3. d4 cxd4 4. Qxd4 Nf6 5. Nc3 Nc6 6. Qa4 d6 7. e5 dxe5 8.
Nxe5 Qd4 9. Nxc6 Qxa4 10. Nxa4 bxc6 11. Be3 Nd5 12. Bc5 Bg7 13. O-O-O O-O 14.
Bc4 Bf6 15. Bb3 Re8 16. Rhe1 Be6 17. Bd4 Bxd4 18. Rxd4 Nc7 19. Nc5 Bxb3 20.
axb3 Nd5 21. Ra4 e6 22. c3 Re7 23. Ra6 Rc8 24. Re4 Kg7 25. Rea4 Rcc7 26. Nd3
Nb6 27. Rd4 e5 28. Re4 f6 29. b4 Kf7 30. Kc2 Ke8 31. Ra1 Nd7 32. f3 Nb6 33.
Rae1 Nc8 34. R4e2 Nd6 35. Nc5 Nb7 36. Ne4 Kf7 37. Ra1 f5 38. Nf2 c5 39. Nd3 e4
40. fxe4 fxe4 41. Rf1+ Kg7 $11 42. Nxc5 Nxc5 43. bxc5 Rxc5 44. Rf4 Rce5 45. Re3
g5 46. Rf2 Kg6 47. c4 R5e6 48. b4 Ra6 49. Kb3 Ra1 50. c5 Rc1 51. Rc3 Re1 52.
Rcc2 e3 53. Rfe2 Rxe2 54. Rxe2 Kf5 55. Kc4 Ke4 56. b5 Rf7 57. Ra2 Rf2 58. Rxa7
Rc2+ 59. Kb4 Rb2+ 60. Kc4 Rc2+ 61. Kb4 Rb2+ 62. Kc4 1/2-1/2

[Event "Klub Kölner SF 1 - SF Lieme 1"]
[Site "Oberliga NRW 2014/2015"]
[Date "2015.01.11"]
[Round "5.5"]
[White "Schaffarczyk, Andre"]
[Black "Ludwig, Peter"]
[Result "0-1"]
[WhiteElo "2115"]
[BlackElo "2176"]
[PlyCount "40"]
[EventDate "2015.??.??"]
[WhiteTeam "SF Lieme 1"]
[BlackTeam "Klub Kölner SF 1"]

1. d4 e6 2. Nc3 d5 3. Bf4 Nf6 4. e3 Bb4 5. Bd3 Nbd7 6. Nf3 c5 7. dxc5 Nxc5 8.
Bb5+ Bd7 9. Qd4 Qa5 10. Bxd7+ Ncxd7 11. O-O Bxc3 12. bxc3 Rc8 13. Bd6 Rc4 14.
Qd1 Qxc3 15. Rb1 Ne4 16. Bf4 b6 17. Nd4 O-O 18. Nb5 Qxc2 19. Qg4 Ndf6 20. Qh4
Qa4 0-1

[Event "Klub Kölner SF 1 - SF Lieme 1"]
[Site "Oberliga NRW 2014/2015"]
[Date "2015.01.11"]
[Round "5.6"]
[White "Bonnmann, Reinhard"]
[Black "Eckardt, Joshua"]
[Result "1-0"]
[WhiteElo "2183"]
[BlackElo "2109"]
[PlyCount "51"]
[EventDate "2015.??.??"]
[WhiteTeam "Klub Kölner SF 1"]
[BlackTeam "SF Lieme 1"]

1. d4 Nf6 2. Nf3 g6 3. c4 Bg7 4. Nc3 d5 5. cxd5 Nxd5 6. e3 O-O 7. Bc4 Nb6 8.
Bb3 Na6 9. O-O c5 10. Qe2 Bg4 11. Rd1 cxd4 12. exd4 Nb4 13. d5 h6 14. h3 Bxf3
15. Qxf3 Nc8 16. d6 Nc6 17. dxe7 Qxe7 18. Nd5 Qh4 19. Be3 Nd6 20. g3 Qe4 21.
Nf6+ Bxf6 22. Qxf6 Ne8 23. Qc3 Kh7 24. Bc5 Rg8 25. Bxf7 Rg7 26. Re1 1-0

[Event "Klub Kölner SF 1 - SF Lieme 1"]
[Site "Oberliga NRW 2014/2015"]
[Date "2015.01.11"]
[Round "5.7"]
[White "Stork, Holger"]
[Black "Wisskirchen, Andreas"]
[Result "1/2-1/2"]
[WhiteElo "2051"]
[BlackElo "2179"]
[PlyCount "62"]
[EventDate "2015.??.??"]
[WhiteTeam "SF Lieme 1"]
[BlackTeam "Klub Kölner SF 1"]

1. e4 c5 2. Nc3 Nc6 3. g3 g6 4. Bg2 Bg7 5. d3 d6 6. Be3 e6 7. Qd2 Nd4 8. Nd1
Ne7 9. c3 Ndc6 10. Bh6 O-O 11. Bxg7 Kxg7 12. Ne2 d5 13. exd5 Nxd5 14. Ne3 Nf6
15. O-O Bd7 16. Rad1 Qc7 17. d4 cxd4 18. Nxd4 Nxd4 19. Qxd4 e5 20. Qh4 Be6 21.
a3 Rad8 22. Qb4 b6 23. c4 Rd4 24. Rxd4 exd4 25. Nd5 Qc5 26. Rd1 Rc8 27. Nxf6
Qxb4 28. axb4 Kxf6 29. Rxd4 Rxc4 30. Rxc4 Bxc4 31. f4 Ke6 1/2-1/2

[Event "Klub Kölner SF 1 - SF Lieme 1"]
[Site "Oberliga NRW 2014/2015"]
[Date "2015.01.11"]
[Round "5.8"]
[White "Meertens, Martin"]
[Black "Stukenbrok, Nils"]
[Result "1/2-1/2"]
[WhiteElo "2102"]
[BlackElo "1991"]
[PlyCount "75"]
[EventDate "2015.??.??"]
[WhiteTeam "Klub Kölner SF 1"]
[BlackTeam "SF Lieme 1"]

1. e4 c6 2. d4 d5 3. Nc3 dxe4 4. Nxe4 Bf5 5. Ng3 Bg6 6. h4 h6 7. Nf3 Nd7 8. h5
Bh7 9. Bd3 Bxd3 10. Qxd3 e6 11. Bf4 Qa5+ 12. Bd2 Bb4 13. c3 Be7 14. c4 Qc7 15.
O-O-O Ngf6 16. Ne4 O-O-O 17. g3 Nxe4 18. Qxe4 Nf6 19. Qe2 c5 20. Bc3 cxd4 21.
Nxd4 a6 22. Kb1 Nd7 23. Nb3 Bf6 24. Ba5 b6 25. Bb4 Qe5 26. Qc2 Qf5 27. Qxf5
exf5 28. Nd4 Bxd4 29. Rxd4 Nc5 30. Bxc5 bxc5 31. Rxd8+ Rxd8 32. Kc2 Rd4 33. b3
f4 34. Rh4 Kd7 35. Rxf4 Rxf4 36. gxf4 g6 37. hxg6 fxg6 38. Kd3 1/2-1/2

[Event "Oberliga NRW"]
[Site "Würselen"]
[Date "2015.01.11"]
[Round "5"]
[White "Beerdsen, Thomas"]
[Black "Hovhannisyan, Mher"]
[Result "1/2-1/2"]
[WhiteElo "2317"]
[BlackElo "2509"]
[PlyCount "93"]
[WhiteTeam "SV Mülheim-Nord 2"]
[BlackTeam "SV Würselen"]

1. e4 e6 2. d4 d5 3. Nd2 h6 4. Ngf3 Nf6 5. e5 Nfd7 6. Bd3 c5 7. c4 dxc4 8. Nxc4
Nc6 9. Be4 cxd4 10. O-O Nc5 11. Bxc6+ bxc6 12. Nxd4 Ba6 13. b3 Qd5 14. Be3 Nd7
15. Qg4 c5 16. Nf3 Bxc4 17. bxc4 Qc6 18. Rad1 g6 19. h4 Bg7 20. Rd6 Nxe5 21.
Rxc6 Nxg4 22. Bxc5 Ne5 23. Nxe5 Bxe5 24. f4 Kd7 25. Ra6 Bf6 26. Rd1+ Kc7 27.
Bxa7 Kb7 28. Ra5 Rhd8 29. Rb1+ Kc6 30. Rc5+ Kd7 31. Rb7+ Ke8 32. Rcc7 Rxa7 33.
Rxa7 Bd4+ 34. Kh2 Bxa7 35. Rxa7 Rd4 36. g3 Rxc4 37. a4 Rc2+ 38. Kg1 Kf8 39. a5
Ra2 40. a6 Kg7 41. Ra8 h5 42. Ra7 Kf6 43. Kf1 Kg7 44. Kg1 Kg8 45. Kf1 Kg7 46.
Kg1 Kf6 47. Kf1 1/2-1/2

[Event "Oberliga NRW"]
[Site "Würselen"]
[Date "2015.01.11"]
[Round "5"]
[White "Docx, Stefan"]
[Black "Rezasade, Amir"]
[Result "0-1"]
[WhiteElo "2450"]
[BlackElo "2298"]
[Annotator "Dr. Baier,Johannes"]
[PlyCount "28"]
[WhiteTeam "SV Würselen"]
[BlackTeam "SV Mülheim-Nord 2"]

1. d4 d5 2. Bf4 e6 3. e3 Bd6 4. Bd3 Bxf4 5. exf4 Nf6 6. Nd2 Qd6 7. Ne2 c5 8.
dxc5 Qxc5 9. O-O Nc6 10. a3 O-O 11. c4 dxc4 12. Nxc4 Rd8 13. Qc2 Nd4 14. Nxd4
Rxd4 {(Handy !)} 0-1

[Event "Oberliga NRW"]
[Site "Würselen"]
[Date "2015.01.11"]
[Round "5"]
[White "Nabuurs, Joep"]
[Black "Beukema, Stefan"]
[Result "0-1"]
[WhiteElo "2298"]
[BlackElo "2380"]
[PlyCount "116"]
[WhiteTeam "SV Mülheim-Nord 2"]
[BlackTeam "SV Würselen"]

1. e4 e5 2. Nf3 Nc6 3. Bb5 a6 4. Ba4 Nf6 5. O-O Be7 6. Re1 b5 7. Bb3 d6 8. c3
O-O 9. h3 Na5 10. Bc2 c5 11. d4 Qc7 12. Nbd2 cxd4 13. cxd4 Nc6 14. Nb3 a5 15.
dxe5 dxe5 16. Be3 Nb4 17. Bb1 a4 18. Nbd2 a3 19. bxa3 Rxa3 20. Nb3 Be6 21. Qc1
Qxc1 22. Bxc1 Ra4 23. Bb2 Rfa8 24. Nc1 Nxa2 25. Bxa2 Bxa2 26. Nxa2 Rxa2 27.
Rxa2 Rxa2 28. Bxe5 h6 29. Bd4 b4 30. Ne5 Rc2 31. g4 Ne8 32. Rb1 Nc7 33. Rb2
Rxb2 34. Bxb2 Bf6 35. Kf1 Ne6 36. Ke2 Nf4+ 37. Ke3 Nxh3 38. Bd4 b3 39. f4 g5
40. fxg5 hxg5 41. Kd3 Nf2+ 42. Kc4 Nxe4 43. Kxb3 Bxe5 44. Bxe5 Kh7 45. Kc4 Nf2
46. Bc7 Nxg4 47. Kd3 Kg6 48. Ke4 f5+ 49. Kf3 Nf6 50. Bd8 f4 51. Bc7 Kf5 52. Bb8
g4+ 53. Kf2 Ne4+ 54. Kg2 g3 55. Kf3 Ng5+ 56. Kg2 Kg4 57. Ba7 f3+ 58. Kf1 Nh3
0-1

[Event "Oberliga NRW"]
[Site "Würselen"]
[Date "2015.01.11"]
[Round "5"]
[White "Goossens, Etienne"]
[Black "Wittenberg, Andreas"]
[Result "1-0"]
[WhiteElo "2211"]
[BlackElo "2188"]
[PlyCount "81"]
[WhiteTeam "SV Würselen"]
[BlackTeam "SV Mülheim-Nord 2"]

1. d4 e6 2. c4 Bb4+ 3. Nd2 f5 4. g3 Nf6 5. Bg2 O-O 6. Ngf3 d5 7. O-O c6 8. Qc2
Qe7 9. Ne5 Bd6 10. Ndf3 Ne4 11. Nd3 b6 12. Bf4 Bxf4 13. Nxf4 Bb7 14. Ne5 Nd7
15. Nxd7 Qxd7 16. e3 Rac8 17. Rfd1 Qe7 18. Qa4 Ra8 19. Rac1 Rfe8 20. Rc2 Qd7
21. cxd5 exd5 22. Rdc1 Qd6 23. Qb3 Kh8 24. Nd3 Nf6 25. a4 Nd7 26. a5 Rab8 27.
a6 Ba8 28. Qc3 c5 29. dxc5 bxc5 30. Nxc5 Nxc5 31. Qxc5 Qxa6 32. Qd4 Bb7 33. Rc7
Rg8 34. Bh3 Bc8 35. Rxa7 Qb6 36. Rxc8 Qxd4 37. Rxg8+ Kxg8 38. exd4 g6 39. Bg2
Rxb2 40. Bxd5+ Kh8 41. Be6 1-0

[Event "Oberliga NRW"]
[Site "Würselen"]
[Date "2015.01.11"]
[Round "5"]
[White "Buckels, Valentin"]
[Black "Ljuboschitz, Alexander"]
[Result "1-0"]
[WhiteElo "2183"]
[BlackElo "2136"]
[PlyCount "67"]
[WhiteTeam "SV Mülheim-Nord 2"]
[BlackTeam "SV Würselen"]

1. d4 Nf6 2. c4 g6 3. Nf3 Bg7 4. g3 O-O 5. Bg2 d6 6. O-O Nbd7 7. Qc2 e5 8. e4
c6 9. Rd1 Qc7 10. h3 Re8 11. Nc3 b5 12. cxb5 cxb5 13. Qb3 a6 14. dxe5 dxe5 15.
Be3 Nc5 16. Qb4 Bf8 17. Nd5 Nxd5 18. exd5 Nb7 19. Qd2 Nd6 20. Rac1 Qe7 21. Qe2
Bb7 22. Nd2 f5 23. Nb3 Rac8 24. Na5 Rxc1 25. Rxc1 e4 26. Qd2 Rc8 27. Rxc8 Bxc8
28. b3 Nf7 29. Qc3 Qd8 30. b4 h5 31. Bf4 Bd6 32. Nc6 Qf8 33. Qf6 Kh7 34. Bxd6
1-0

[Event "Oberliga NRW"]
[Site "Würselen"]
[Date "2015.01.11"]
[Round "5"]
[White "Sarrau, Jelle"]
[Black "Krueger, Andre"]
[Result "1-0"]
[WhiteElo "2333"]
[BlackElo "2170"]
[PlyCount "43"]
[WhiteTeam "SV Würselen"]
[BlackTeam "SV Mülheim-Nord 2"]

1. d4 Nf6 2. c4 e6 3. Nc3 Bb4 4. Qc2 b6 5. e4 c5 6. a3 Bxc3+ 7. bxc3 Bb7 8. Bd3
b5 9. Qb1 Qc7 10. cxb5 cxd4 11. cxd4 Qc3+ 12. Bd2 Qxd4 13. Nf3 Qa4 14. e5 Ne4
15. Qb4 Qxb4 16. Bxb4 d5 17. exd6 O-O 18. Rc1 a5 19. Bd2 Nxd6 20. Bf4 Bxf3 21.
Bxd6 Bxg2 22. Rg1 1-0

[Event "Oberliga NRW"]
[Site "Würselen"]
[Date "2015.01.11"]
[Round "5"]
[White "Andok, Claus Michael"]
[Black "Nachbar, Benjamin"]
[Result "1/2-1/2"]
[WhiteElo "2084"]
[BlackElo "2215"]
[PlyCount "88"]
[WhiteTeam "SV Würselen"]
[BlackTeam "SV Mülheim-Nord 2"]

1. e4 c6 2. d3 d5 3. Nd2 h5 4. Ngf3 Bg4 5. h3 Bxf3 6. Qxf3 e6 7. exd5 Qxd5 8.
Qxd5 cxd5 9. Nf3 Nc6 10. d4 Nf6 11. c3 Bd6 12. Bd3 Kd7 13. Be3 Rhc8 14. O-O
Rab8 15. Ng5 Ke8 16. a4 Na5 17. f4 g6 18. Rae1 Kf8 19. Ra1 Nc4 20. Bc1 Be7 21.
Rf2 Kg7 22. g3 Nd6 23. Re2 Rh8 24. Kg2 Rbc8 25. Bd2 Nc4 26. Bc1 Bd6 27. Ra2 Na5
28. Bd2 Nb3 29. Be3 Nd7 30. a5 b6 31. Bb5 Rc7 32. a6 Nb8 33. Ba4 Na5 34. Bb5
Nc4 35. Bc1 Rcc8 36. Nf3 Be7 37. Ne5 Nd6 38. Bd3 Nc6 39. Bd2 Na5 40. Bc2 Rc7
41. Nf3 Bf6 42. Be1 Nc6 43. g4 hxg4 44. hxg4 Rcc8 1/2-1/2

[Event "Oberliga NRW"]
[Site "Würselen"]
[Date "2015.01.11"]
[Round "5"]
[White "Bus, Tom"]
[Black "Bien, Stefan"]
[Result "1-0"]
[WhiteElo "2101"]
[BlackElo "2101"]
[PlyCount "101"]
[WhiteTeam "SV Mülheim-Nord 2"]
[BlackTeam "SV Würselen"]

1. c4 b6 2. Nc3 e6 3. e4 Bb7 4. g3 f5 5. Bg2 Nf6 6. d3 Bb4 7. Nge2 fxe4 8. O-O
O-O 9. Bg5 Qc8 10. dxe4 Nc6 11. Rc1 Ne5 12. b3 h6 13. Bf4 Ng6 14. Bd2 Ne5 15.
Nf4 Bc5 16. Be1 Bc6 17. Qc2 Qb7 18. h3 a6 19. Rd1 b5 20. Nd3 Nxd3 21. Qxd3 b4
22. Nd5 Nh7 23. Kh2 Rf7 24. Nf4 Re8 25. Rd2 e5 26. Nd5 Bxd5 27. Qxd5 Qxd5 28.
cxd5 d6 29. h4 g5 30. Bh3 Nf8 31. hxg5 hxg5 32. Kg2 Kg7 33. Rc2 Nh7 34. Bf5 Nf6
35. g4 Rh8 36. Bd2 Nh7 37. Rh1 a5 38. Bc1 Rf6 39. f3 Nf8 40. Bxg5 Rf7 41. Rxh8
Kxh8 42. Kf1 Kg7 43. Rh2 Ng6 44. Bh6+ Kh7 45. Ke2 Rg7 46. Bxg7+ Kxg7 47. Bxg6
Kxg6 48. Rh5 Kg7 49. Rf5 Kg6 50. Kd3 Kg7 51. Kc4 1-0

[Event "SVG Plettenberg 1 - Düsseldorfer SK 1"]
[Site "Oberliga NRW 2014/2015"]
[Date "2015.01.11"]
[Round "5.1"]
[White "Stark, Lars"]
[Black "Haub, Thorsten Michael"]
[Result "1/2-1/2"]
[WhiteElo "2390"]
[BlackElo "2366"]
[Annotator "Hausrath,Daniel"]
[PlyCount "164"]
[EventDate "2015.??.??"]
[WhiteTeam "Düsseldorfer SK 1"]
[BlackTeam "SVG Plettenberg 1"]

1. c4 g6 2. g3 Bg7 3. Bg2 d6 4. Nc3 Nc6 5. e4 f5 6. d3 Nf6 7. Nge2 O-O 8. O-O
Be6 9. b3 fxe4 10. dxe4 Qc8 11. Nf4 Bd7 12. Bb2 Rf7 13. Rb1 a6 14. Ncd5 e5 15.
Nxf6+ Bxf6 16. Nd5 Bg7 17. Rc1 Nd4 18. Bxd4 exd4 19. f4 Qd8 20. Nb4 c5 21. Nd3
Bc6 22. e5 Bxg2 23. Kxg2 dxe5 24. fxe5 Re7 25. Qf3 Bxe5 26. Rce1 Bg7 27. Rxe7
Qxe7 28. Qd5+ Kh8 29. Re1 Qc7 30. Qxc5 Qxc5 31. Nxc5 b5 32. Nd3 bxc4 $11 33.
bxc4 Kg8 34. Kf3 Kf7 35. Ke4 Re8+ 36. Kd5 Rd8+ 37. Kc6 Rc8+ 38. Kd5 Rd8+ 39.
Kc5 Bf6 40. Kb6 Rd6+ 41. Kc7 Be7 42. c5 Re6 43. Rf1+ Ke8 44. c6 Re3 45. Rd1 Re2
46. Nf4 Rxa2 47. Re1 d3 48. Nxd3 Kf8 49. Nf4 Rd2 50. h4 a5 51. Re4 Kf7 52. Kb7
Rb2+ 53. Kc8 Rc2 54. Kb7 Rb2+ 55. Kc7 Rd2 56. Rc4 Kf6 57. Kb6 Bd8+ 58. c7 Bxc7+
59. Rxc7 a4 60. Rxh7 a3 61. Ra7 a2 62. Ra5 Rb2+ 63. Kc5 Kf5 64. Ra4 Rc2+ 65.
Kd4 Kg4 66. Nxg6 Kxg3 67. Ke5 Rf2 68. Ke6 Kf3 69. Ne5+ Kg3 70. Ng6 Kf3 71. Kf6
Ke3+ 72. Kg5 Kd3 73. h5 Rg2+ 74. Kh4 Kc3 75. Nf4 Kb3 76. Ra8 Rh2+ 77. Kg5 Rh1
78. h6 Rg1+ 79. Kh4 Rh1+ 80. Kg5 Rg1+ 81. Kh4 Rh1+ 82. Kg5 Rg1+ 1/2-1/2

[Event "SVG Plettenberg 1 - Düsseldorfer SK 1"]
[Site "Oberliga NRW 2014/2015"]
[Date "2015.01.11"]
[Round "5.2"]
[White "Jansen, Dirk Norbert"]
[Black "Schuh, Dirk"]
[Result "0-1"]
[WhiteElo "2114"]
[BlackElo "2322"]
[PlyCount "86"]
[EventDate "2015.??.??"]
[WhiteTeam "SVG Plettenberg 1"]
[BlackTeam "Düsseldorfer SK 1"]

1. e4 e5 2. Nf3 Nc6 3. d4 exd4 4. Nxd4 Bb4+ 5. c3 Bc5 6. Be3 Bb6 7. Bc4 d6 8.
O-O Nf6 9. Re1 Ne5 10. Bf1 Nfg4 11. Nd2 Nxe3 12. Rxe3 O-O 13. Nc4 Ng4 14. Rg3
Nf6 15. Bd3 Re8 16. Qf3 Be6 17. Ne3 g6 18. Nef5 Kh8 19. Nh6 Qe7 20. a4 Bxd4 21.
cxd4 Nh5 22. d5 Nxg3 23. dxe6 Nh5 24. exf7 Rf8 25. Bc4 Qf6 26. Qxf6+ Nxf6 27.
Ng8 Kg7 28. Re1 d5 29. Nxf6 dxc4 30. Nd7 Rxf7 31. Ne5 Re7 32. Nxc4 Rd8 33. f3
Rd4 34. Rc1 b6 35. Kf2 Rd3 36. Rc2 Re6 37. Ne3 c6 38. Ke2 Rb3 39. Rd2 Kf8 40.
Rd7 Rxb2+ 41. Kd3 Rb3+ 42. Kd2 Ke8 43. Rd4 Ke7 0-1

[Event "SVG Plettenberg 1 - Düsseldorfer SK 1"]
[Site "Oberliga NRW 2014/2015"]
[Date "2015.01.11"]
[Round "5.3"]
[White "de Gleria, Francesco"]
[Black "Bouaraba, Max"]
[Result "1-0"]
[WhiteElo "2347"]
[BlackElo "2192"]
[PlyCount "67"]
[EventDate "2015.??.??"]
[WhiteTeam "Düsseldorfer SK 1"]
[BlackTeam "SVG Plettenberg 1"]

1. e4 Nf6 2. e5 Nd5 3. d4 d6 4. c4 Nb6 5. exd6 cxd6 6. Nc3 Bf5 7. Be3 e6 8. Nf3
Be7 9. Be2 O-O 10. O-O d5 11. c5 Nc8 12. b4 Nc6 13. b5 Na5 14. Qa4 Bg4 15. Ne5
Bxe2 16. Nxe2 Bf6 17. Bd2 Bxe5 18. Bxa5 Bc7 19. Bxc7 Qxc7 20. Qb4 Ne7 21. a4
Rac8 22. a5 e5 23. a6 Rb8 24. dxe5 bxa6 25. Rxa6 Nc6 26. Qa4 Nxe5 27. c6 Ra8
28. Ra1 Rfb8 29. Nd4 Ng4 30. g3 Qe5 31. b6 Qf6 32. Rf1 Re8 33. b7 Rab8 34. c7
1-0

[Event "SVG Plettenberg 1 - Düsseldorfer SK 1"]
[Site "Oberliga NRW 2014/2015"]
[Date "2015.01.11"]
[Round "5.4"]
[White "Schulze, Marc"]
[Black "Plukkel, Sjoerd"]
[Result "1/2-1/2"]
[WhiteElo "2072"]
[BlackElo "2298"]
[Annotator "Hausrath,Daniel"]
[PlyCount "108"]
[EventDate "2015.??.??"]
[WhiteTeam "SVG Plettenberg 1"]
[BlackTeam "Düsseldorfer SK 1"]

1. d4 Nf6 2. Bf4 b5 3. e3 Bb7 4. Nf3 a6 5. Bd3 e6 6. Nbd2 Be7 7. h3 O-O 8. O-O
c5 9. c3 d6 10. Qe2 Nbd7 11. a4 c4 12. Bc2 Bxf3 13. Nxf3 d5 14. axb5 axb5 15.
e4 Nxe4 16. Bxe4 dxe4 17. Qxe4 $11 Qc8 18. Ne5 Nf6 19. Qc6 Nd5 20. Bg3 Rxa1 21.
Rxa1 f6 22. Qxc8 Rxc8 23. Nf3 Rc6 24. Nd2 Kf7 25. Ra7 Kg6 26. Kf1 b4 27. cxb4
Bxb4 28. Ke2 c3 29. bxc3 Nxc3+ 30. Kd3 Nb5 31. Rd7 Rc3+ 32. Ke2 Rc2 33. Bf4
Nc3+ 34. Kd3 Ra2 35. Be3 Nd5 36. Nf3 Ra3+ 37. Ke2 Nc3+ 38. Kd3 Nd1+ 39. Ke2
Nc3+ 40. Kd3 Nd5+ 41. Ke2 h5 42. g4 hxg4 43. hxg4 Ra1 44. Nh4+ Kh7 45. Kf3 Rh1
46. Ng2 Rh3+ 47. Ke2 Nc3+ 48. Kd3 Nd5 49. Ke2 Rh1 50. Kf3 Rd1 51. Nf4 Nxf4 52.
Kxf4 e5+ 53. Ke4 exd4 54. Rxd4 Rxd4+ 1/2-1/2